000 00706nam a2200253Ia 4500
001 Z_3701
003 CHAP
005 20221020183952.0
007 ta
008 220113s1980 xx 000 0 und d
010 _a166782
040 _cCHAP
090 _aR-62
100 1 _aSosa Montes, Esther
_9108817
245 1 0 _aInhibidores de metanogenesis /
_cpor Esther Sosa Montes
260 _aChapingo, Méx. :
_bUACH. Departamento de Zootecnia,
_c1980
300 _a12 hojas
500 _aReimpreso de: Curso de Nutrición de Rumiantes. Colegio de Postgraduados. Centro de Ganadería. 1980
650 1 3 _aRumen
_9100837
901 _aR-62
902 _aA
910 _a1980
942 _cREIMP
_2local
999 _c166782
_d166782